Statistics for Middle East and North Africa by picture (hard)

Click here to take the quiz!

General Stats

  • This quiz has been taken 25 times
  • The average score is 15 of 38

Answer Stats

Answer% Correct
UAE
92%
Egypt
77%
Bahrain
69%
Tunisia
69%
Algeria
62%
Kuwait
62%
Iran
54%
Jordan
54%
Jordan
54%
Libya
54%
Turkey
54%
Lebanon
46%
Morocco
46%
Oman
46%
Saudi Arabia
46%
Syria
46%
Yemen
46%
Algeria
38%
Bahrain
38%
Iraq
38%
Turkey
38%
Kuwait
31%
Morocco
31%
Oman
31%
Tunisia
31%
Iran
23%
Iraq
23%
Lebanon
23%
Qatar
23%
Saudi Arabia
23%
UAE
23%
Yemen
23%
Egypt
15%
Israel
15%
Israel
15%
Libya
15%
Qatar
15%
Syria
15%

Score Distribution

Percentile by Number Answered

Percent of People with Each Score

Your Score History

You have not taken this quiz